000 00419nam a2200169Ia 4500
008 210210b2017 xxu||||| |||| 00| 0 eng d
020 _a9788173199523
041 _aeng
082 _a574.192 SHAB
100 _aSHARMA (Dushyant Kumar)
245 _aBiochemistry
260 _aNew Delhi
_bNarosa Publishing House
_c2017
300 _axiv,265
650 _aBiochemistry
690 _aBiochemistry
906 _a073004
999 _c122976
_d122976